000 00503nam a2200145Ia 4500
008 100122s9999 xx 000 0 und d
082 _b62308
_a922.945
100 _aजोशी श्रीपाद
245 _aबोलक्यापरास मुकी बरी
260 _bमेघना जोशी
_c2002
300 _a128
630 _aबोलक्यापरास मुकी बरी
730 _aबोलक्यापरास मुकी बरी
942 _cBOOK
999 _c436689
_d436686